Dictionaries for the translator : an introduction / (Record no. 21231)

MARC details
000 -LEADER
fixed length control field 00978nam a22002895a 4500
003 - CONTROL NUMBER IDENTIFIER
control field EG-ScBUE
005 - DATE AND TIME OF LATEST TRANSACTION
control field 20191221154745.0
008 - FIXED-LENGTH DATA ELEMENTS--GENERAL INFORMATION
fixed length control field 160224s2015 ua f 000 0 eng d
040 ## - CATALOGING SOURCE
Original cataloging agency EG-ScBUE
Language of cataloging eng
Description conventions rda
Transcribing agency EG-ScBUE
Modifying agency EG-ScBUE
041 0# - LANGUAGE CODE
Language code of text/sound track or separate title eng
-- ara
082 04 - DEWEY DECIMAL CLASSIFICATION NUMBER
Classification number 418.02
Item number ENA
Edition number 22
100 1# - MAIN ENTRY--PERSONAL NAME
Personal name Enani, M.
9 (RLIN) 39430
245 10 - TITLE STATEMENT
Title Dictionaries for the translator : an introduction /
Statement of responsibility, etc by M. Enani ; with key to exercises by Aliaa El-Guindy.
264 #1 - PUBLICATION, DISTRIBUTION, ETC. (IMPRINT)
Place of publication, distribution, etc [Cairo] :
Name of publisher, distributor, etc The Anglo Egyptian Bookshop,
Date of publication, distribution, etc [2015?]
300 ## - PHYSICAL DESCRIPTION
Extent 268 pages ;
Dimensions 24 cm
336 ## - CONTENT TYPE
Content type term text
Content type code txt
Source rdacontent
337 ## - MEDIA TYPE
Media type term unmediated
Media type code n
Source rdamedia
338 ## - CARRIER TYPE
Carrier type term volume
Carrier type code nc
Source rdacarrier
546 ## - LANGUAGE NOTE
Language note Text in English and Arabic.
650 #7 - SUBJECT ADDED ENTRY--TOPICAL TERM
Topical term or geographic name as entry element Translating and interpreting.
Source of heading or term BUEsh
9 (RLIN) 39247
650 #7 - SUBJECT ADDED ENTRY--TOPICAL TERM
Topical term or geographic name as entry element Translators
General subdivision Training of.
Source of heading or term BUEsh
9 (RLIN) 41336
651 ## - SUBJECT ADDED ENTRY--GEOGRAPHIC NAME
Source of heading or term BUEsh
653 ## - INDEX TERM--UNCONTROLLED
Resource For college Humanities: English
Arrived date list February2016
-- December2019
655 ## - INDEX TERM--GENRE/FORM
Form subdivision Reading book
700 1# - ADDED ENTRY--PERSONAL NAME
Personal name El-Guindy, Aliaa,
Relator term editor.
942 ## - ADDED ENTRY ELEMENTS (KOHA)
Source of classification or shelving scheme Dewey Decimal Classification
Koha item type Book - Borrowing
Holdings
Withdrawn status Lost status Source of classification or shelving scheme Damaged status Not for loan Collection code Home library Current library Shelving location Date acquired Source of acquisition Cost, normal purchase price Serial Enumeration / chronology Total Checkouts Full call number Barcode Date last seen Cost, replacement price Price effective from Koha item type
    Dewey Decimal Classification       Central Library Central Library Second Floor 24/02/2016 Purchase 35.00 13707   418.02 ENA 000031690 15/07/2025 44.00 24/02/2016 Book - Borrowing
    Dewey Decimal Classification     Baccah Central Library Central Library Second Floor 21/12/2019 Purchase 45.00     418.02 ENA 000048462 15/07/2025 56.25 21/12/2019 NB - Book (Non borrowing)